Statistics for Guess the 1970s song lyrics #249

Click here to take the quiz!

General Stats

  • This quiz has been taken 9 times
  • The average score is 114 of 243

Answer Stats

Answer% Correct
a
89%
I
89%
be
78%
He
78%
of
78%
on
78%
To
78%
to
78%
We
78%
we
78%
all
67%
All
67%
and
67%
And
67%
at
67%
At
67%
by
67%
coal
67%
daughter
67%
had
67%
have
67%
in
67%
In
67%
love
67%
miner's
67%
no
67%
Not
67%
the
67%
The
67%
was
67%
wear
67%
where
67%
but
56%
But
56%
day
56%
it's
56%
My
56%
night
56%
She
56%
so
56%
there
56%
were
56%
born
44%
Daddy
44%
ever
44%
from
44%
From
44%
good
44%
her
44%
here
44%
home
44%
I'm
44%
I've
44%
one
44%
our
44%
poor
44%
time
44%
Well
44%
well
44%
again
33%
always
33%
back
33%
come
33%
didn't
33%
done
33%
hill
33%
lives
33%
loved
33%
Money
33%
money
33%
much
33%
never
33%
new
33%
Nothing
33%
over
33%
proud
33%
seen
33%
shoes
33%
since
33%
that
33%
then
33%
water
33%
way
33%
we'd
33%
Why
33%
work
33%
worked
33%
would
33%
Yeah
33%
anymore
22%
babies
22%
Bible
22%
bleed
22%
brand
22%
break
22%
Butcher
22%
cabin
22%
catalog
22%
cause
22%
changed
22%
clothes
22%
complain
22%
corn
22%
dollar
22%
drew
22%
eight
22%
Except
22%
field
22%
fingers
22%
get
22%
hard
22%
hoeing
22%
hog
22%
Holler
22%
kids
22%
Lear
22%
leaving
22%
light
22%
long
22%
lot
22%
made
22%
mail
22%
make
22%
managed
22%
man's
22%
memories
22%
Mommy
22%
morn
22%
need
22%
oil
22%
order
22%
pair
22%
pay
22%
raised
22%
read
22%
remember
22%
rocked
22%
selling
22%
shoveled
22%
sleep
22%
smiled
22%
somewhere
22%
start
22%
summer
22%
sure
22%
That's
22%
thing
22%
things
22%
thought
22%
tired
22%
understanding
22%
Van
22%
washboard
22%
winter
22%
every
11%
floor
11%
left
11%
mines
11%
Mommy's
11%
scrubbed
11%
everything
0%

Score Distribution

Percentile by Number Answered

Percent of People with Each Score

Your Score History

You have not taken this quiz